000 01660cam a2200409 a 4500
003 CHAP
005 20220329142445.0
008 010314d1997 mx bd r 10100 spa d
010 _a83761
011 _a84733
035 _a95259
040 _cCHAP
090 _aFolleto 16179
111 0 0 _aDía del Ganadero del Campo Experimental La Posta
_n(25 :
_d1997 :
_cPaso del Toro, Ver.)
_933345
245 1 0 _aAlternativas para optimizar la producción de carne y leche en el trópico
_c/por INIFAP. Centro de Investigación Regional del Golfo Centro. Campo Experimental La Posta
260 _aPaso del Toro, Ver. :
_bINIFAP. Centro de Investigación Regional del Golfo Centro. Campo Experimental La Posta,
_c1997.
300 _a59 p. :
_bgráfs. ; mapa ; cuadros ; diagrama
410 2 1 _aINIFAP. Campo Experimental La Posta
490 0 _aMemoria técnica
_v; 4
590 _aBATCH-UPD
_b10
_c20130110
_lUCH01
_h0345
590 _aBATCH-UPD
_b10
_c20130110
_lUCH01
_h1959
590 _aBATCH-UPD
_b10
_c20130410
_lUCH01
_h0018
590 _aBATCH-UPD
_b10
_c20130410
_lUCH01
_h1459
590 _aBATCH-UPD
_b10
_c20130914
_lUCH01
_h0847
590 _aCONVERSION
_b10
_c20130109
_lUCH01
_h1347
650 1 4 _aCarne
_xProducción.
_919109
650 1 4 _aGanadería
_xInvestigación
_xVeracruz.
_944802
650 1 4 _aGanadería
_xTrópicos.
_944856
650 1 4 _aGanadería
_zVeracruz.
_944870
650 1 4 _aLeche
_xProducción.
_965400
810 0 0 _aINIFAP. Campo Experimental La Posta
_958672
830 0 0 _aMemoria técnica
_v; 4
_974512
901 _aBK
905 _aMarco A. Mendoza T.
942 _cFOLL
949 _aFolleto 16179
_bBC
_cFOLL
_d33724002011017
_eTS1
_i95259
_sb
999 _c83761
_d83761